000 00387nam a22001577a 4500
003 OSt
005 20250303161840.0
008 250303b |||||||| |||| 00| 0 eng d
020 _a9789353167523
040 _cIIMT UNIVERSITY MEERUT
100 _aDuggal S.K
245 _aSURVEYING VOLUME- II
260 _aNEW DELHI
_bMc. Graw Hill
_c2023
300 _a527
942 _2ddc
_c02
_e5th
999 _c65276
_d65276